000 00327nam a22001457a 4500
008 250417b ||||| |||| 00| 0 eng d
020 _a9789951059237
041 _aSHQIPE
080 _22024
_a82PAV
082 _282PAV
_a82PAV
100 _a01
101 _aGJUHE SHQIPE
245 _aSHOKU
_cCESARE PAVESE
942 _2udc
_cBK
999 _c60666
_d60666